Loading...
Women-writers of the nineteenth century. /
| Main Author: | |
|---|---|
| Language: | Undetermined |
| LEADER | 00350nam a2200109Ia 4500 | ||
|---|---|---|---|
| 001 | 38351 | ||
| 008 | 170722s9999 xx 000 0 und d | ||
| 100 | |a Bald, Marjory A. | ||
| 245 | |a Women-writers of the nineteenth century. / | ||
| 942 | |c GEN | ||
| 999 | |c 17509 |d 17509 | ||
| 952 | |0 1 |1 0 |4 0 |6 03MG_F3 |7 0 |9 20781 |a LIB |b LIB |d 2017-08-12 |o 0-,3M:g F3 |p 3729 |r 2017-08-12 |w 2017-08-12 |y GEN | ||